Advance Organic Chemistry: (Record no. 187309)

MARC details
000 -LEADER
fixed length control field 00777nam a22002057a 4500
005 - DATE AND TIME OF LATEST TRANSACTION
control field 20220412114821.0
010 ## - LCCN (DPL NO)
LC control number ENG-132273
020 ## - INTERNATIONAL STANDARD BOOK NUMBER
International Standard Book Number 9789354490781
Terms of availability 799.00
035 ## - SYSTEM CONTROL NUMBER
System control number EN-115805
037 ## - SOURCE OF ACQUISITION
Source of stock number/acquisition DBAD/PUB
082 ## - DEWEY DECIMAL CLASSIFICATION NUMBER
Classification number 547
100 ## - MAIN ENTRY--PERSONAL NAME
Personal name Singh, Maya Shankar
245 ## - TITLE STATEMENT
Title Advance Organic Chemistry:
Remainder of title Reaction and Mechanism/
Statement of responsibility, etc Maya shankar Singh and Keshav Raghuvanshi
250 ## - EDITION STATEMENT
Edition statement Second Edition
260 ## - PUBLICATION, DISTRIBUTION, ETC. (IMPRINT)
Place of publication, distribution, etc Uttar pradesh
Name of publisher, distributor, etc Pearson India Education Services Pvt, Ltd
Date of publication, distribution, etc 2021
270 ## - ADDRESS
City Uttar Pradesh
Address 15th Floor, Tower -B , World Trade Tower , plot no.1 , Block -C ,Sector 16, Noida
Electronic mail address companysecretary.india@pearson.com
Postal code 201301
300 ## - PHYSICAL DESCRIPTION
Extent xxvii, 668p.
Other physical details Index
Dimensions 23cm.(pbk)
700 ## - ADDED ENTRY--PERSONAL NAME
Personal name Raghuvanshi , Keshav
942 ## - ADDED ENTRY ELEMENTS (KOHA)
Source of classification or shelving scheme Dewey Decimal Classification
Item type English Books
Call number suffix MAY
Classification part 547
Holdings
Withdrawn status Lost status Not for loan Collection code Home library Current library Date acquired Source of acquisition Cost, normal purchase price Full call number Barcode Copy number Cost, replacement price Koha item type
    Not For Loan Non-fiction D.B.Act.Division Mobile Library 12/04/2022 DBAD/PUB 799.00 547 MAY EN-115805 1 799.00 English Books

© Delhi Public Library
Hit Counter
free hit counter